Les membres de la G 2020/2021 - Statistiques

Statistiques générales
  • Ce quiz a été pris 15 fois
  • Le résultat moyen est 19 sur 28
Statistiques - réponses
Indices Réponses % Correct
Qui pour un Bed Wars ? Julien
100%
Chasseur de shiny Martin
100%
Pro Photoshop Paul
100%
Cringe Boy Romain
100%
El Racisto Antoine
83%
Chef des zigotos Damien
83%
Le fantôme Jeanel
83%
DS speedrun any% Lucas
83%
Pro du distanciel Marvin
83%
Le pilote Noe
83%
La machine Qinming
83%
Qui pour un volley ? Simon
83%
Le gentil Dimitri
67%
Le timide Kellian
67%
Founder and CEO of TDT Shop Logan
67%
Le visage de Tutux Louis
67%
Pro CS:GO Louka
67%
Joggos Matthew
67%
Le colérique Theo
67%
Le soldat Valentin
67%
Papayou Bebert
50%
Pro Player Rocket League Benjos
50%
Le fêtard Dylan
50%
Le bucheron Marin
50%
Le pointeur Nicolas
50%
Dormeur Alex C.
33%
En 2e année sans réviser Alex H
17%
Le crédule Alex L
17%
Aucun quiz correspondant
Distribution des résultats
% des personnes avec chaque résultat
Percentile par nombre de réponses
Votre historique - résultats
Vous n’avez pas pris ce quiz